| 000 | 00757nam a2200253Ia 4500 | ||
|---|---|---|---|
| 008 | 180523s9999 xx 000 0 und d | ||
| 020 | _a0-07-140558-5 | ||
| 050 | _aMAIN GV 443 | ||
| 050 | _b.P53 2003 | ||
| 100 | _aPica, Rae. | ||
| 245 | 0 | _aYour active child : | |
| 245 | 0 | _bhow to boost physical, emotional, and cognitive development through age-approriate activity / | |
| 245 | 0 | _cRae Pica. | |
| 260 | _aChicago : | ||
| 260 | _bContemporary books, | ||
| 260 | _c2003 | ||
| 300 | _a243 pages : | ||
| 300 | _c23 cm. | ||
| 500 | _aIncludes bibliographical references and index. | ||
| 650 | _aChildren -- Health and hygiene. | ||
| 650 | _aPhysical fitness for children. | ||
| 650 | _xCognitive learning. | ||
| 650 | _xMovement education. | ||
| 999 |
_c356725 _d356725 |
||